| 000 | 00732nam a22002295i 4500 | ||
|---|---|---|---|
| 001 | 152677 | ||
| 003 | ES-MaACL | ||
| 005 | 20230906204835.0 | ||
| 008 | 051017s1902 fr | |||||||| ||fre d | ||
| 040 |
_aCAM _bspa _cCAM |
||
| 100 | 1 |
_aBréal, Michel. _931536 |
|
| 245 | 1 | 0 |
_aDictionnaire étymologique latin / _cpar Michel Bréal et Anatole Bailly. |
| 250 | _a5e éd. | ||
| 260 |
_aParis : _bLibrairie Hachette et C., _c1902. |
||
| 300 |
_a463 p. ; _c22 cm. |
||
| 490 | 1 | _aLeçons de mots. Cours supérieur | |
| 650 | 0 | 4 |
_aLengua latina. _914291 |
| 700 | 1 |
_aBailly, Anatole. _924712 |
|
| 830 | 0 |
_aLeçons de mots. Cours supérieur _9221361 |
|
| 852 |
_aES-MaACL _jB-1022 _z-- Enc. pasta española |
||
| 999 |
_c152677 _d152677 |
||